Основной биогенетический закон с ботанической точки зрения (Запись № 6839204)

Подробности
000 -МАРКЕР
контрольное поле 01358nam0a22002771 4500
001 - ИДЕНТИФИКАТОР ЗАПИСИ
контрольное поле rc\2972563
005 - ИДЕНТИФИКАТОР ВЕРСИИ
контрольное поле 20210426164007.0
035 ## - ДРУГИЕ СИСТЕМНЫЕ НОМЕРА
Идентификатор записи (NLR Aleph) 007118524
100 ## - ДАННЫЕ ОБЩЕЙ ОБРАБОТКИ
Данные общей обработки 20110907d1937 |||y0rusy50 ca
101 0# - ЯЗЫК РЕСУРСА
Язык текста, звукозаписи и т.д. русский
102 ## - СТРАНА ПУБЛИКАЦИИ ИЛИ ПРОИЗВОДСТВА
Страна публикации Российская Федерация
105 ## - ПОЛЕ КОДИРОВАННЫХ ДАННЫХ: ТЕКСТОВЫЕ МАТЕРИАЛЫ, МОНОГРАФИЧЕСКИЕ
Кодированные данные о монографическом текстовом документе ac z |||||
200 1# - ЗАГЛАВИЕ И СВЕДЕНИЯ ОБ ОТВЕТСТВЕННОСТИ
Основное заглавие Основной биогенетический закон с ботанической точки зрения
Первые сведения об ответственности Б.М. Козо-Полянский
Последующие сведения об ответственности С предисл. К.И. Мейера ...
210 ## - ПУБЛИКАЦИЯ, РАСПРОСТРАНЕНИЕ И ДР.
Место издания, распространения и т.д. [Воронеж]
Имя издателя, распространителя и т. д. Ворон. обл. кн-во
Дата издания, распространения и т.д. 1937
Имя изготовителя тип. изд-ва "Коммуна"
215 ## - ФИЗИЧЕСКАЯ ХАРАКТЕРИСТИКА
Специфическое обозначение материала и объем Обл., 253, [2] с., 4 вкл. л. ил., портр., схем.
Другие сведения о физической характеристике ил., портр., схем.
Размеры 22×15 см
225 1# - СЕРИЯ
Основное заглавие серии Серия монографий
Сведения об ответственности Науч.-исслед. ин-т биологии при Ворон. гос. ун-те. Отд. морфологии, систематики и географии высш. растений
Обозначение тома Вып. 1
320 ## - ПРИМЕЧАНИЯ О НАЛИЧИИ В ДОКУМЕНТЕ БИБЛИОГРАФИИ / УКАЗАТЕЛЯ
Текст примечания Библиогр.: "Литература" (с. 241-54)
700 #1 - ИМЯ ЛИЦА - ПЕРВИЧНАЯ ОТВЕТСТВЕННОСТЬ
Начальный элемент ввода Козо-Полянский
Часть имени, кроме начального элемента ввода Б. М.
Даты 1890-1957
Расширение инициалов личного имени Борис Михайлович
Идентификатор авторитетной/нормативной записи RU\NLR\AUTH\770229545
702 #1 - ИМЯ ЛИЦА - ВТОРИЧНАЯ ОТВЕТСТВЕННОСТЬ
Начальный элемент ввода Мейер
Часть имени, кроме начального элемента ввода К. И.
Код отношения Автор введения, предисловия, примечания и т.п.
801 #0 - ИСТОЧНИК ЗАПИСИ
Страна Российская Федерация
Организация NLR
Правила каталогизации psbo
801 #1 - ИСТОЧНИК ЗАПИСИ
Страна Российская Федерация
Организация ELAR
Источник данных rusmarc
852 ## - МЕСТОНАХОЖДЕНИЕ И ШИФР ХРАНЕНИЯ
Идентификатор организации NLR
Шифр хранения (Call Number) 37-17/319(1)
942 ## - ДОПОЛНИТЕЛЬНЫЕ ЭЛЕМЕНТЫ ЗАПИСИ (АБИС)
Тип экземпляра АБИС Книга
980 ## - КОЛЛЕКЦИЯ
Название коллекции Национальная библиография
Экземпляры
Тип экземпляра Дата поступления Библиотека постоянного хранения Библиотека текущего хранения Место хранения Шифр хранения Штрих-код Статус экземпляра
Книга 26.10.2013 РНБ (Садовая) РНБ (Садовая) Русский книжный фонд -Главное здание, Ленинский читальный зал 37-17/319(1) 7118524-10